000 01502 am a2200409 a 4500
005 20240527124825.0
008 100913s1999||||xxua f |||| 001 0 spa d
020 _a1885960018
041 _aspa
092 _c613.9
_l22
_sESE
245 3 _aLo esencial de la Tecnología Anticonceptiva.
_bManual para personal clínico /
_cRobert A. Hatcher
250 _a1a ed.
260 _aBaltimore [USA]:
_bUniversidad Johns Hopkins;
_c1999.
300 _a300 p.
500 _aHatcher, R. A. et al. (1999). Lo esencial de la Tecnología Anticonceptiva. Manual para personal clínico. (1a ed.). Baltimore : Universidad Johns Hopkins.
653 _aPlanificación familiar
653 _aAnticonceptivos orales combinados de dosis baja
653 _aAnticonceptivos orales sólo de progéstageno
653 _aAnticonceptivo inyectable DMPA
653 _aImplantes de Norplant
653 _aEstelización femenina
653 _aVasectomía
653 _aCondones
653 _aDispositivos intrauterinos (DIU)
653 _aMétodos vaginales
653 _aMétodos basados en el conocimiento de la fertilidad
653 _aMétodo de la lactancia-amenorrea (MELA)
653 _aEnfermedades de transmisión sexual. Incluyendo el VIH/SIDA
700 1 _aHatcher, Robert A.
_9636
700 1 _aRinehart, Ward.
_9637
700 1 _aBlackburn, Richard.
_9638
700 1 _aGeller, Judith S.
_9639
700 1 _aShelton, James D.
_9640
930 _a538
930 _a2155
942 _2ddc
_cBK
999 _c719
_d719